Integrable systems on Lie algebras and symmetric spaces /

Guardado en:
Autor Principal: Fomenko, A. T.
Otros Autores: Trofimov, V. V., 1952-
Formato: Libro
Idioma:English
Russian
Publicado: New York : Gordon and Breach Science Publishers, 1988.
Series:Advanced studies in contemporary mathematics, v. 2
Materias:
Etiquetas: Agregar Etiqueta
Sin Etiquetas, Sea el primero en etiquetar este registro!
LEADER 01551pam a2200301 a 4500
001 MAT.inmabb003470
008 870903s1988####nyua#####b####001#0#eng##
005 20130320113533.0
245 1 0 |a Integrable systems on Lie algebras and symmetric spaces /  |c by A. T. Fomenko and V. V. Trofimov ; translated from the Russian by A. Karaulov, P. D. Rayfield and A. Weisman. 
260 |a New York :  |b Gordon and Breach Science Publishers,  |c 1988. 
300 |a xii, 294 p. :  |b il. ;  |c 24 cm. 
440 0 |a Advanced studies in contemporary mathematics,  |x 0884-0016 ;  |v v. 2 
500 |a Traducción de: Integriruemye sistemy na algebrakh Li i simmetricheskikh prostranstvakh. 
504 |a Bibliografía: p. 281-291. 
505 0 |a 1. Symplectic geometry and the integration of Hamiltonian systems -- 2. Sectional operators and their applications -- 3. Sectional operators on symmetric spaces -- 4. Methods of construction of functions in involution on orbits of coadjoint representation of Lie groups -- 5. Complete integrability of Hamiltonian systems on orbits of Lie algebras. 
510 4 |a MR,  |c 90d:58035 
020 |a 2881241700 
100 1 |a Fomenko, A. T. 
240 1 0 |a Integriruemye sistemy na algebrakh Li i simmetricheskikh prostranstvakh.  |l Inglés 
700 1 |a Trofimov, V. V.,  |d 1952- 
650 0 |a Hamiltonian systems. 
650 0 |a Lie algebras. 
650 0 |a Symmetric spaces. 
084 |a 58Fxx (58-02 58F05 58F07 70H05)  |2 MR 
010 |a  87026798  
040 |a DLC  |c DLC  |d DLC 
041 1 |a eng  |h rus 
859 |h 37  |i F672  |p A-7455  |b BIB. MATEMATICA